[Event "Amber-rapid 10th"]
[Site "Monaco"]
[Date "2001.03.22"]
[Round "5"]
[White "Anand, Viswanathan"]
[Black "Ivanchuk, Vassily"]
[Result "1-0"]
[WhiteElo "2790"]
[BlackElo "2717"]
[Annotator "page 32"]
[PlyCount "85"]
[EventDate "2001.03.17"]
[EventType "tourn"]
[EventRounds "11"]
[EventCountry "MNC"]
[EventCategory "18"]
[SourceDate "2009.01.01"]

1. e4 e5 2. Nf3 Nc6 3. Bb5 a6 4. Ba4 Nf6 5. O-O Be7 6. Re1 b5 7. Bb3 O-O 8. a4
b4 9. d3 d6 10. a5 Be6 11. Nbd2 Bxb3 12. Nxb3 Re8 13. h3 Qd7 14. Bg5 h6 15. Bh4
Nh7 16. Bxe7 Rxe7 17. d4 exd4 18. Nfxd4 Nf6 19. f3 Nxd4 20. Qxd4 Qb5 21. Qd3
Qg5 22. Qd2 Qxd2 23. Nxd2 Rae8 24. Nb3 c5 25. Red1 Re6 26. Rd2 Kf8 27. Rad1 Ke7
28. Nc1 Rd8 29. Nd3 Rd7 30. b3 g5 31. Kf2 Rb7 32. Nb2 Rb5 33. Nc4 Ne8 34. e5
dxe5 35. Rd7+ Kf6 36. Ra7 Kg6 37. Rdd7 f6 38. Rd8 h5 39. Rda8 h4 40. Rxa6 Nc7
41. Rxe6 Nxe6 42. a6 Nc7 43. Ra7 1-0

[Event "Moscow Aeroflot op"]
[Site "Moscow"]
[Date "2003.02.16"]
[Round "6"]
[White "Berelovich, Aleksandar"]
[Black "Svidler, Peter"]
[Result "0-1"]
[WhiteElo "2546"]
[BlackElo "2693"]
[Annotator "page 60"]
[PlyCount "66"]
[EventDate "2003.02.10"]
[EventType "swiss"]
[EventRounds "9"]
[EventCountry "RUS"]
[SourceDate "2009.01.01"]

1. e4 c5 2. Nf3 e6 3. d4 cxd4 4. Nxd4 a6 5. Bd3 Bc5 6. c3 d6 7. O-O Nf6 8. Kh1
e5 9. Nb3 Ba7 10. Bg5 h6 11. Bxf6 Qxf6 12. N1d2 O-O 13. Qe2 Nc6 14. Nc4 Ne7 15.
Ne3 Bd7 16. Bc4 Qg5 17. Nd5 Ng6 18. Nd2 Kh8 19. Rad1 Be6 20. Nf3 Qd8 21. Bb3
Qd7 22. Ne1 f5 23. exf5 Rxf5 24. Nd3 Raf8 25. Qe4 Qf7 26. f3 Rh5 27. Nf2 Rh4
28. Qe1 Qf5 29. Ng4 Qh5 30. Nde3 Bc8 31. Qg3 Nf4 32. Rfe1 Qg5 33. Rxd6 Bxe3 0-1

[Event "RUS-chT"]
[Site "Togliatti"]
[Date "2003.05.19"]
[Round "4"]
[White "Morozevich, Alexander"]
[Black "Loginov, Valery A"]
[Result "1-0"]
[WhiteElo "2678"]
[BlackElo "2540"]
[Annotator "page 70"]
[PlyCount "69"]
[EventDate "2003.05.16"]
[EventType "team"]
[EventRounds "10"]
[EventCountry "RUS"]
[SourceDate "2009.01.01"]

1. c4 c5 2. Nf3 Nf6 3. Nc3 Nc6 4. d4 cxd4 5. Nxd4 g6 6. g3 d6 7. Bg2 Bd7 8. O-O
Bg7 9. b3 O-O 10. Bb2 Qa5 11. e3 Rfc8 12. Rc1 a6 13. Qe2 Rab8 14. h3 Kf8 15.
Rfe1 Na7 16. e4 Ne8 17. Nd5 e6 18. Bc3 Qd8 19. Ne3 b5 20. Qd2 Qb6 21. Rcd1 Nc6
22. Nf3 f6 23. h4 Kf7 24. h5 Rc7 25. hxg6+ hxg6 26. Nh4 Qc5 27. Qe2 bxc4 28.
Nxc4 Bh6 29. e5 Nxe5 30. Bxe5 dxe5 31. Qg4 Bg7 32. Qxg6+ Kf8 33. Qh7 Bc6 34.
Bxc6 Qxc6 35. Ng6+ 1-0

[Event "Linares 14th"]
[Site "Linares"]
[Date "1997.??.??"]
[Round "8"]
[White "Shirov, Alexei"]
[Black "Kramnik, Vladimir"]
[Result "1/2-1/2"]
[WhiteElo "2690"]
[BlackElo "2740"]
[Annotator "page 151"]
[PlyCount "65"]
[EventDate "1997.02.16"]
[EventType "tourn"]
[EventRounds "11"]
[EventCountry "ESP"]
[EventCategory "18"]
[SourceDate "2009.01.01"]
[WhiteTeamCountry "FRA"]
[BlackTeamCountry "FRA"]

1. e4 c5 2. Nf3 d6 3. d4 cxd4 4. Nxd4 Nf6 5. Nc3 Nc6 6. Bg5 e6 7. Qd2 a6 8.
O-O-O h6 9. Be3 Be7 10. f4 Nxd4 11. Bxd4 b5 12. Kb1 Bb7 13. Bd3 O-O 14. e5 dxe5
15. fxe5 Nd7 16. Ne4 Bxe4 17. Bxe4 Rb8 18. Ba7 Nxe5 19. Qc3 Bd6 20. Qd4 Bc7 21.
Qc5 Qc8 22. Rhe1 Nc4 23. Bxb8 Qxb8 24. g3 Be5 25. c3 Rc8 26. Qe7 b4 27. Qxb4
Qc7 28. Qb7 Na3+ 29. Kc1 Bf4+ 30. gxf4 Qxf4+ 31. Rd2 Rd8 32. Red1 Rxd2 33. Rxd2
1/2-1/2

[Event "Istanbul ol (Men)"]
[Site "Istanbul"]
[Date "2000.10.30"]
[Round "3"]
[White "Ganbold, Odondoo"]
[Black "Banikas, Hristos"]
[Result "1-0"]
[WhiteElo "2405"]
[BlackElo "2540"]
[Annotator "page 181"]
[PlyCount "58"]
[EventDate "2000.10.??"]
[EventType "team"]
[EventRounds "14"]
[EventCountry "TUR"]
[SourceDate "2009.01.01"]
[WhiteTeamCountry "FRA"]
[BlackTeamCountry "FRA"]

1. e4 c5 2. Nf3 e6 3. c4 Nc6 4. d4 cxd4 5. Nxd4 Qc7 6. Nc3 a6 7. Be2 Nf6 8. O-O
Bb4 9. Nxc6 bxc6 10. Qc2 Bc5 11. Kh1 Bd4 12. Bg5 h6 13. Bh4 g5 14. Bg3 e5 15.
Rad1 d6 16. Rxd4 exd4 17. c5 dxc3 18. Bxd6 Qd8 19. Qxc3 Rg8 20. f4 gxf4 21.
Rxf4 Rg6 22. Bh5 Rg5 23. Rxf6 Rxh5 24. Rg6 Rg5 25. Qh8+ Kd7 26. Qh7 Qe8 27. Rf6
Kd8 28. Rxf7 Bd7 29. Re7 Re5 1-0